| 000 | 00779nam0a22002531 4500 | ||
|---|---|---|---|
| 001 | rc\4899269 | ||
| 005 | 20250613033048.0 | ||
| 021 |
_aRU _b[60-49145] |
||
| 035 | _a(NLR Aleph) 008927669 | ||
| 090 |
_a8864493 _c8864493 |
||
| 100 | _a20130426d1960 |||y0rusy50 ca | ||
| 101 | 1 |
_arus _cpol |
|
| 102 | _aRU | ||
| 105 | _aa z ||||| | ||
| 200 | 1 |
_aЦветок папоротника _eПольские сказки _e[Для детей _fПер. Л. Пивоваровой] |
|
| 210 |
_aЧита _cКн. изд-во _d1960 |
||
| 215 |
_a102 с. _cил. _d20 |
||
| 608 |
_aСказки польские (д. л.) _2psbo |
||
| 702 | 1 |
_aПивоварова _bЛ. _4730 |
|
| 801 | 0 |
_aRU _bNLR _gpsbo |
|
| 801 | 1 |
_aRU _bELAR _2rusmarc |
|
| 852 |
_aNLR _j60-3/3495 |
||
| 942 | _cBOOK | ||
| 980 | _aNB | ||